000 00475nam a2200181Ia 4500
001 44032
008 140428s9999 xx 000 0 und d
020 _a
040 _cPK-LaUMT
082 _aRHC 891.4395
_bHUS-H
100 _aHussain Ahmad, Qazi
245 _aHikmat amli kaa tasalsal (Urdu)
_cHussain Ahmad, Qazi
260 _aLahore,Pakistan:
_bIdara-e-Muarf-e-Ilsmi,
_c2007
300 _a292 p.
546 _aUR
650 _aPakistani literature-Urdu
942 _cBK
999 _c42032
_d42032